The Compound Game II Quiz Stats

 Plays Quiz Updated Nov 21, 2018

Support Sporcle.
Go Orange.
Score 0/22 Timer 06:00
0 Plays Today
Hint Word % Correct
July's is rubybirthstone
79.9%
cosmetic surgery above the neckfacelift
76.6%
advertisement seen on a highwaybillboard
76.4%
rocket launchliftoff
68.8%
wooden pedestrian pathboardwalk
67.9%
out in the water, like drillingoffshore
63.6%
do a 180° turnaboutface
62.2%
Dick Cheney's weapon of choiceshotgun
61.1%
informal public strollwalkabout
58.8%
sideline dweller who may be shywallflower
57.3%
to obstruct or hinder discussionstonewall
55.9%
Hint Word % Correct
poster announcing a theater showplaybill
49.6%
comes at the end of 9 monthschildbirth
49.6%
a fight involving firearmsgunplay
43.4%
product of creative thoughtbrainchild
42.1%
daisy or rose holderflowerpot
41%
open space surrounded by wallscourtyard
37.5%
criticism aimed at an easy targetpotshot
36.2%
like a house on the oceanshorefront
34.8%
the center and forward in basketballfrontcourt
31.1%
not very bright personbirdbrain
29.5%
a convict or prisoneryardbird
25%

From the Vault

TV Time

by WillieG

Thankfully, not all of these shows last as long as their titles say they will.
Remove Ads.
Support Sporcle.
Get the best of Sporcle when you Go Orange. This ad-free experience offers more features, more stats, and more fun while also helping to support Sporcle. Thank you for becoming a member.

Show Comments

Extras

Top Quizzes Today


Score Distribution

Your Account Isn't Verified!

In order to create a playlist on Sporcle, you need to verify the email address you used during registration. Go to your Sporcle Settings to finish the process.

Report this User

Report this user for behavior that violates our Community Guidelines.

Details: